<?xml version="1.0" encoding="UTF-8"?>
<record
    xmlns:xsi="http://www.w3.org/2001/XMLSchema-instance"
    xsi:schemaLocation="http://www.loc.gov/MARC21/slim http://www.loc.gov/standards/marcxml/schema/MARC21slim.xsd"
    xmlns="http://www.loc.gov/MARC21/slim">

  <leader>01938nam a22003497a 4500</leader>
  <controlfield tag="008">161012b        xxu||||| |||| 00| 0 eng d</controlfield>
  <datafield tag="082" ind1=" " ind2=" ">
    <subfield code="a">708</subfield>
    <subfield code="b">S159e</subfield>
  </datafield>
  <datafield tag="100" ind1=" " ind2=" ">
    <subfield code="a">Christian Salablanca Diaz </subfield>
    <subfield code="9">5559</subfield>
  </datafield>
  <datafield tag="110" ind1=" " ind2=" ">
    <subfield code="a">Cooperativa Cr&#xE1;ter Invertido</subfield>
    <subfield code="9">5137</subfield>
  </datafield>
  <datafield tag="245" ind1=" " ind2=" ">
    <subfield code="a">Estudios de Vulnerabilidad </subfield>
    <subfield code="c">Salablanca D&#xED;az, Christian; D&#xED;az, Tamara; Le&#xF3;n, Edgar; Cooperativa Cr&#xE1;ter Invertido </subfield>
  </datafield>
  <datafield tag="260" ind1=" " ind2=" ">
    <subfield code="a">Mexico- Costa Rica</subfield>
    <subfield code="b">Editorial Cr&#xE1;neo Invertido (Cooperativa Cr&#xE1;ter Invertido)</subfield>
    <subfield code="c">2016</subfield>
  </datafield>
  <datafield tag="300" ind1=" " ind2=" ">
    <subfield code="a">111 pag</subfield>
    <subfield code="b">ill, col. </subfield>
    <subfield code="c">18 cm</subfield>
  </datafield>
  <datafield tag="440" ind1=" " ind2=" ">
    <subfield code="n">Primera edici&#xF3;n .  </subfield>
    <subfield code="9">5560</subfield>
  </datafield>
  <datafield tag="505" ind1=" " ind2=" ">
    <subfield code="t">"Estudios de vulnerabilidad es una serie de gr&#xE1;ficas a manera de apuntes de ciencias naturales que muestran puntos claves de vulnerabilidad en la estructura del cuerpo"</subfield>
    <subfield code="t">"Uno tiene que devorar al otro para poder sobrevivir y el otro tiene que actuar que devora para poder subsistir"</subfield>
    <subfield code="t">"La lucha ser&#xE1; m&#xE1;s severa entre organismos de la misma especie" </subfield>
    <subfield code="t">"Las ratas son las primeras en abandonar un lugar. Por lo mismo, son ratas."</subfield>
    <subfield code="t">"Fauna nociva. No existe presa f&#xE1;cil o no subestimes al depredador"</subfield>
    <subfield code="t">"Entre amigos y enemigos siempre hay un ser extra&#xF1;o"</subfield>
    <subfield code="t">"Comer para vivir o matar para comer"</subfield>
    <subfield code="t">"Cuando se separa la cabeza del cuerpo, la cabeza es la que pierde."</subfield>
    <subfield code="t">"El que no corre vuela"</subfield>
    <subfield code="t">Un proyecto colectivo</subfield>
  </datafield>
  <datafield tag="653" ind1=" " ind2=" ">
    <subfield code="a">Arte Contempor&#xE1;neo </subfield>
  </datafield>
  <datafield tag="653" ind1=" " ind2=" ">
    <subfield code="a">Arte- Gr&#xE1;fica</subfield>
  </datafield>
  <datafield tag="653" ind1=" " ind2=" ">
    <subfield code="a">X Biena Centroamericana </subfield>
  </datafield>
  <datafield tag="653" ind1=" " ind2=" ">
    <subfield code="a">Arte-Violencia</subfield>
  </datafield>
  <datafield tag="653" ind1=" " ind2=" ">
    <subfield code="a">Arte-Naturaleza</subfield>
  </datafield>
  <datafield tag="653" ind1=" " ind2=" ">
    <subfield code="a">Arte-Cultura</subfield>
  </datafield>
  <datafield tag="653" ind1=" " ind2=" ">
    <subfield code="a">Christian Salablanca - Costa Rica</subfield>
  </datafield>
  <datafield tag="653" ind1=" " ind2=" ">
    <subfield code="a">Cr&#xE1;ter Invertido</subfield>
  </datafield>
  <datafield tag="653" ind1=" " ind2=" ">
    <subfield code="a">Estudios de Vulnerabilidad </subfield>
  </datafield>
  <datafield tag="700" ind1=" " ind2=" ">
    <subfield code="a">Christian Salablanca Diaz</subfield>
    <subfield code="9">5561</subfield>
  </datafield>
  <datafield tag="700" ind1=" " ind2=" ">
    <subfield code="a">Tamara D&#xED;az Bringas </subfield>
    <subfield code="9">834</subfield>
  </datafield>
  <datafield tag="700" ind1=" " ind2=" ">
    <subfield code="a">Edgar Le&#xF3;n </subfield>
    <subfield code="9">5562</subfield>
  </datafield>
  <datafield tag="700" ind1=" " ind2=" ">
    <subfield code="a">Cr&#xE1;ter Invertido</subfield>
    <subfield code="9">5563</subfield>
  </datafield>
  <datafield tag="700" ind1=" " ind2=" ">
    <subfield code="a">Ediciones 1390</subfield>
    <subfield code="9">5564</subfield>
  </datafield>
  <datafield tag="700" ind1=" " ind2=" ">
    <subfield code="a">Nicollee Saavedra Castro</subfield>
    <subfield code="9">5565</subfield>
  </datafield>
  <datafield tag="710" ind1=" " ind2=" ">
    <subfield code="a">Arts Collaboratory</subfield>
    <subfield code="9">5566</subfield>
  </datafield>
  <datafield tag="710" ind1=" " ind2=" ">
    <subfield code="a">Teor&#xE9;tica </subfield>
    <subfield code="9">5567</subfield>
  </datafield>
  <datafield tag="999" ind1=" " ind2=" ">
    <subfield code="c">1066</subfield>
    <subfield code="d">1066</subfield>
  </datafield>
  <datafield tag="952" ind1=" " ind2=" ">
    <subfield code="0">0</subfield>
    <subfield code="1">0</subfield>
    <subfield code="2">ddc</subfield>
    <subfield code="4">0</subfield>
    <subfield code="7">0</subfield>
    <subfield code="a">LV</subfield>
    <subfield code="b">LV</subfield>
    <subfield code="c">Gr&#xE1;fica</subfield>
    <subfield code="d">2016-10-12</subfield>
    <subfield code="l">0</subfield>
    <subfield code="o">708 S159e</subfield>
    <subfield code="p">004240</subfield>
    <subfield code="r">2016-10-12 00:00:00</subfield>
    <subfield code="w">2016-10-12</subfield>
    <subfield code="y">01</subfield>
  </datafield>
</record>
